Quiz o państwach - Statystyki

Ogólne statystyki
  • Ten quiz został rozwiązany 19 razy
  • Średni wynik to 7 z 15
Statystyki odpowiedzi
Podpowiedzi Odpowiedź % Poprawnych
Państwo które lubi zadzierać z innymi, bo są słabsi. Rosja
88%
Biały i Czerwony goszczący na każdej fladze tego państwa. Polska
82%
Państwo komunistyczne do dziś. Największy producent "pięknych" zabawek. Chiny
76%
Państwo najbardziej reigijne w Europie. Watykan
71%
Państwo jedyne z religią żydowską. Izrael
65%
Państwo które więzi 2 mniejsze państwa, a samo jest uwięzione. Włochy
65%
Wyspiarskie państwo i stolica anime. Japonia
59%
Flaga tego państwa byłą nie typowa, lecz zmieniona w 2011r. Libia
53%
Państwo z najbardziej rozpowszechniającym się językiem. (jedno z regionów) Anglia
29%
Najdziwniejsza wyspa na Pacyfiku z dziwnymi miejscowościami... Kiribati
24%
Państwo najnowsze (2011) Południowy Sudan
24%
Współczuje dzieciom bawiącym się n trawniku w tym kraju...💥💥💥 Bośnia i Hercegowina
18%
Środek państwa jest w innym, wygląda jak paszcza smoka. Chorwacja
18%
Państwo sigmy 🗿🗿🗿 Czad
18%
Odwrócisz flagę - będzie wojna. Filipiny
12%
Nie znaleziono quizów pasujących do podanych kryteriów
Rozkład punktacji
Procent ludzi z każdym wynikiem
Percentyl według liczby udzielonych odpowiedzi
Twoja historia wyników
Nie rozwiązałeś tego quizu